000 00552cam a22001938a 4500
040 _cDLC
082 _a363 HIL 2004 A079 Or.
100 1 _aCunningham, William P.
245 1 0 _aEnvironmental science :
_ba global concern /
250 _a8th ed.
260 _aDubuque, IA :
_bMcGraw-Hill,
_c2004.
300 _ap. cm.
500 _aIncludes index.
650 0 _aEnvironmental sciences.
700 1 _aCunningham, Mary Ann.
700 1 _aSaigo, Barbara Woodworth.
856 4 1 _uhttp://www.loc.gov/catdir/toc/ecip0411/2003025301.html
942 _cEK
999 _c15630
_d15630